DIGITAL PRINCIPLES AND APPICATION (Record no. 583660)
[ view plain ]
| 000 -LEADER | |
|---|---|
| fixed length control field | 00366nam a22001337a 4500 |
| 082 ## - DEWEY DECIMAL CLASSIFICATION NUMBER | |
| Classification number | 621.3815 MAL'D |
| 100 ## - MAIN ENTRY--PERSONAL NAME | |
| Personal name | LEACH, DONALD P,MALVINO, AEBERT PAUL |
| 9 (RLIN) | 78553 |
| 245 ## - TITLE STATEMENT | |
| Title | DIGITAL PRINCIPLES AND APPICATION |
| 250 ## - EDITION STATEMENT | |
| Edition statement | 2ND ED |
| 260 ## - PUBLICATION, DISTRIBUTION, ETC. | |
| Place of publication, distribution, etc. | SINGPORE |
| Name of publisher, distributor, etc. | MCGRAW HILL |
| Date of publication, distribution, etc. | 1975 |
| 300 ## - PHYSICAL DESCRIPTION | |
| Extent | VI, 437P |
| 650 ## - SUBJECT ADDED ENTRY--TOPICAL TERM | |
| Topical term or geographic name entry element | DIGITAL PRINCIPLES AND APPICATION |
| 9 (RLIN) | 78554 |
| 942 ## - ADDED ENTRY ELEMENTS (KOHA) | |
| Koha item type | Book |
| Withdrawn status | Lost status | Damaged status | Not for loan | Permanent Location | Current Location | Shelving location | Date acquired | Total Checkouts | Full call number | Barcode | Date last seen | Price effective from | Koha item type |
|---|---|---|---|---|---|---|---|---|---|---|---|---|---|
| College of Electrical & Mechanical Engineering (CEME) | College of Electrical & Mechanical Engineering (CEME) | General Stacks | 06/16/2017 | 621.3815 MAL'D | CEME-8070 | 06/28/2021 | 06/28/2021 | Book |
